00844nam a2200193 a 450000100100000000500170001000800410002704000250006808200150009310000350010824501350014326000450027830000200032370000490034304900090039295201130040195201190051499900170063300002973120240320074002.0110425s1998 dr 000 0 spa d aDO-SdBNPbspacBNPHU axxxbF634p1 aFlores Santana, Juan A.95651713aEl papa, en la intimidad con Dios, recibe luz y fuerza para su trabajo /cJuan A. Flores Santana ; edición Rafael Bello Peguero. aSanto Domingo :bAmigo del Hogar,c1998. a11 p. ;c21 cm.1 aBello Peguero, Rafael,d1932-2022eed.92405 aBNPD 0010718PDaPDbPDcCTd2011-04-25iLF1l0oxxx F634pp29731-10r2020-06-25w2020-06-25yLFPDZNo se presta 0010718PDaPDbPDcCTd2011-05-16iLF1l0oxxx F634pp29731-20r2020-06-25te. 2w2020-06-25yLFPDZNo se presta c29223d29223